01153nam a2200193Ia 4500001001100000003001000011008004100021040002500062041001300087100001600100245006900116250001100185260008100196300001200277500026000289501011400549520026000663650003600923L200-52136IT-CnALBA170116s9999||||xx |||||||||||||| ||und|| aIT-CnALBAcIT-CnALBA aITALIANO aVIAU MARCEL 0aGESÙI D'AMORE. SACRAMENTI E RITI. PREGHIERA E CONTEMPLAZIONE.  a1a ed. a PADOVAbMESSAGGERO EDIZIONI c1994 [1° Ed.:1994 - Ed.Ling.Originale: 1994] a123 p.  aTRADUZIONE DAL FRANCESE. I SACRAMENTI DELLA VITA. IL BATTESIMO. CRESIMA. MATRIMONIO. UNZIONE INFERMI. I SACRAMENTI DELL'ALLEANZA. EUCARISTIA. PERDONO. ORDINE. LA PREGHIERA. RIVELAZIONE DI UN DIO AMORE. LA CHIESA IN PREGHIERA. LA MISTICA. COMUNIONE CON L'I aSocietà San Paolo EM - Piazza San Paolo, 14 - 12051 ALBA (CN) (non commercial uses only) ® Copyright 2017 aTRADUZIONE DAL FRANCESE. I SACRAMENTI DELLA VITA. IL BATTESIMO. CRESIMA. MATRIMONIO. UNZIONE INFERMI. I SACRAMENTI DELL'ALLEANZA. EUCARISTIA. PERDONO. ORDINE. LA PREGHIERA. RIVELAZIONE DI UN DIO AMORE. LA CHIESA IN PREGHIERA. LA MISTICA. COMUNIONE CON L'I aRELIGIONE - RELIGIONE CRISTIANA